Zhodnotenie finančnej pozície podniku Menert spol. s r. o. bakalárska práca

Salvato in:
Dettagli Bibliografici
Autore principale: Piskayová, Zuzana
Ente Autore: Podnikovohospodárska fakulta EU so sídlom v Košiciach. Katedra účtovníctva a financií
Altri autori: Lajoš, Branislav
Natura: Libro
Lingua:slovacco
Pubblicazione: Košice 2011
Tags: Aggiungi Tag
Nessun Tag, puoi essere il primo ad aggiungerne!!

MARC

LEADER 00000nbm a2200000 4500
001 0139340
005 20161109111617.2
041 0 |a slo 
044 |a SK 
245 1 0 |a Zhodnotenie finančnej pozície podniku Menert spol. s r. o.  |b bakalárska práca  |c Zuzana Piskayová ; školiteľ: Branislav Lajoš 
264 1 |a Košice  |c 2011 
300 |a 64 s. 
100 1 |a Piskayová, Zuzana 
700 1 |a Lajoš, Branislav 
710 2 |a Podnikovohospodárska fakulta EU so sídlom v Košiciach. Katedra účtovníctva a financií